000 00419nam a2200133Ia 4500
008 170221s9999 xx 000 0 und d
100 _aAgung Nur Probohudono
245 _aDiversity in Risk Communication
245 _cAgung Nur Probohudono, Greg Tower, and Rusmin Rusmin
260 _c2012
300 _a32 : 15
650 _xBusiness
856 _uhttp://ro.uow.edu.au/cgi/viewcontent.cgi?article=1424&context=aabfj
999 _c311352
_d311352